Κατάλογος Βιβλιοθηκών Mediterranean College

Leasing, Factoring, Forfaiting, Franchising, Venture Capital / Η Λειτουργία των Σύγχρονων Χρηματοοικονομικών Θεσμών στη Χώρα μας: Δεύτρη Έκδοση (Record no. 2839)

MARC details
000 -LEADER
fixed length control field 04066cam a22002174a 4500
005 - ΗΜΕΡΟΜΗΝΙΑ ΚΑΙ ΩΡΑ ΤΕΛΕΥΤΑΙΑΣ ΕΝΗΜΕΡΩΣΗΣ
Πεδίο ελέγχου 20250605164055.0
008 - FIXED-LENGTH DATA ELEMENTS--GENERAL INFORMATION
Πεδίο ελέγχου σταθερού μήκους 250528s ||||||||||||||||||||||||d
035 ## - SYSTEM CONTROL NUMBER
System control number 17418
020 ## - ISBN
ISBN 9603510262
040 ## - ΠΗΓΗ ΚΑΤΑΛΟΓΟΓΡΑΦΗΣΗΣ
Φορέας πρωτότυπης καταλογογράφησης MC Athens Campus Library
Γλώσσα καταλογογράφησης Ελληνικά, Μοντέρνα (1453-)
Modifying agency MC Athens Campus Library
Κανόνες περιγραφικής καταλογογράφησης AACR2
245 1# - ΤΙΤΛΟΣ ΚΑΙ ΔΗΛΩΣΗ ΥΠΕΥΘΥΝΟΤΗΤΑΣ
Τίτλος Leasing, Factoring, Forfaiting, Franchising, Venture Capital / Η Λειτουργία των Σύγχρονων Χρηματοοικονομικών Θεσμών στη Χώρα μας: Δεύτρη Έκδοση
250 ## - EDITION STATEMENT
Edition statement
260 ## - PUBLICATION, DISTRIBUTION, ETC.
Name of publisher, distributor, etc. Σταμούλης Α,
Date of publication, distribution, etc. 2000
300 ## - PHYSICAL DESCRIPTION
Extent 224
505 0# - FORMATTED CONTENTS NOTE
Formatted contents note Πρόλογος, Εξέλιξη και Εφαρμογή της Χρηματοδοτικής Μισθώσεως - Leasing, Νομικό Πλαίσο της Χρηματοδοτικής Μισθώσεως, Τεχνική της Χρηματοδοτικής Μισθώσεως, Λήψη Επενδυτικής Απόφασης για Χρηματοδοτική Μίσθωση, Λογιστική της Χρηματοδοτικής Μίσθωσης, Οργάνωση των Εταιριών Χρηματοδοτικής Μισθώσεως και η Λειτουργία τους Γενικά, Εφαρμογή της Χρηματοδοτικής Μισθώσεως στην Ελλάδα, Ανάληψη Επιχειρηματικών Απαιτήσεων Τραπεζών και οι Σύγχρονοι Θεσμοί Factoring - Forfaiting, Factoring - Μια Νέα Μορφή Τραπεζικών Εργασιών, Η Λειτουργία του Θεσμού Factoring, Οφέλη του Θεσμού Factoring, Ο Θεσμός του Forfaiting, Λειτουγία του Forfaiting, Σύγκριση και Αξιλόγηση Factoring και Forfaiting, Το Franchising στην Ελλάδα ως απαραίτητη προυπόθεση Εκσυγχρονισμού και Επιβίωσης των Επιχειρήσεων, Ο Θεσμος του Franchising, Σύμβαση Franchising και Πόλος Τραπεζών, Διακρίσεις - Πλεονεκτήματα και Μειονεκτήματα του Franchising, Ανάπτυξη - Εφαρμογή και Αξιολόγηση του Franchising, Χρηματοδοτικές Υπηρεσίες Τραπεζών.
520 ## - SUMMARY, ETC.
Summary, etc. Πρόλογος, Εξέλιξη και Εφαρμογή της Χρηματοδοτικής Μισθώσεως - Leasing, Νομικό Πλαίσο της Χρηματοδοτικής Μισθώσεως, Τεχνική της Χρηματοδοτικής Μισθώσεως, Λήψη Επενδυτικής Απόφασης για Χρηματοδοτική Μίσθωση, Λογιστική της Χρηματοδοτικής Μίσθωσης, Οργάνωση των Εταιριών Χρηματοδοτικής Μισθώσεως και η Λειτουργία τους Γενικά, Εφαρμογή της Χρηματοδοτικής Μισθώσεως στην Ελλάδα, Ανάληψη Επιχειρηματικών Απαιτήσεων Τραπεζών και οι Σύγχρονοι Θεσμοί Factoring - Forfaiting, Factoring - Μια Νέα Μορφή Τραπεζικών Εργασιών, Η Λειτουργία του Θεσμού Factoring, Οφέλη του Θεσμού Factoring, Ο Θεσμός του Forfaiting, Λειτουγία του Forfaiting, Σύγκριση και Αξιλόγηση Factoring και Forfaiting, Το Franchising στην Ελλάδα ως απαραίτητη προυπόθεση Εκσυγχρονισμού και Επιβίωσης των Επιχειρήσεων, Ο Θεσμος του Franchising, Σύμβαση Franchising και Πόλος Τραπεζών, Διακρίσεις - Πλεονεκτήματα και Μειονεκτήματα του Franchising, Ανάπτυξη - Εφαρμογή και Αξιολόγηση του Franchising, Χρηματοδοτικές Υπηρεσίες Τραπεζών.
700 1# - ΠΡΟΣΘΕΤΗ ΑΝΑΓΡΑΦΗ--ΦΥΣΙΚΟ ΠΡΟΣΩΠΟ
Personal name Γαλάνης Βασίλειος
9 (RLIN) 3572
942 ## - ADDED ENTRY ELEMENTS (KOHA)
Koha item type Books
Holdings
Τύπος τεκμηρίου Βιβλιοθήκη Τρέχουσα τοποθεσία Barcode Αριθμός εισαγωγής Ημερομηνία απόκτησης Ταξιθετικό σύμβολο Αριθμός αντιτύπου Κατάσταση απόσυρσης Κατάσταση χαμένου Κατάσταση κατεστραμμένου Μη δανεισμός Σύνολο δανεισμών Ημερομηνία τελευταίας εμφάνισης Η τιμή ισχύει από
Books MC Athens Campus Library MC Athens Campus Library 9780000028389 5653 05/06/2025 658.152 GAL 2           05/06/2025 05/06/2025

MC Athens Campus Library
Πατησίων 94 & Κοδριγκτώνος 13, 104 34
Πελλήνης 8 & Πατησίων 107, 112 51
Τ: +30 210 8899600

MC Thessaloniki Campus Library
Ίωνος Δραγούμη 21, 54625 | Ίωνος Δραγούμη 15, 54625
Τ: +30 2310 287779 – Τ: +30 2314 440300